Pedro Berruguete pintor de Castilla (Record no. 88339)

MARC details
000 -LEADER
campo de control de longitud fija 00565nam a2200181 i 4500
001 - NÚMERO DE CONTROL
campo de control 88339
003 - IDENTIFICADOR DE NÚMERO DE CONTROL
campo de control ES-MaACL
005 - FECHA Y HORA DE LA ÚLTIMA TRANSACCIÓN
campo de control 20230906175837.0
007 - CAMPO FIJO DE DESCRIPCIÓN FÍSICA--INFORMACIÓN GENERAL
campo de control de longitud fija t|
008 - DATOS DE LONGITUD FIJA--INFORMACIÓN GENERAL
campo de control de longitud fija 050104s1935 sp ||||1| spa d
100 1# - ENTRADA PRINCIPAL--NOMBRE DE PERSONA
Nombre de persona Láinez Alcalá, Rafael,
Fechas asociadas al nombre 1899-1982
9 (RLIN) 69691
245 10 - MENCIÓN DEL TÍTULO
Título Pedro Berruguete pintor de Castilla
Resto del título : ensayo crítico biográfico /
Mención de responsabilidad, etc. Rafael Lainez Alcalá.
260 ## - PUBLICACIÓN, DISTRIBUCIÓN, ETC.
Lugar de publicación, distribución, etc. Madrid :
Nombre del editor, distribuidor, etc. Espasa-Calpe,
Fecha de publicación, distribución, etc. 1935.
300 ## - DESCRIPCIÓN FÍSICA
Extensión 159 p. ;
Dimensiones 26 cm.
500 ## - NOTA GENERAL
Nota general Premio Nacional de Literatura, 1934.
852 ## - LOCALIZACIÓN
Ubicación ES-MaACL
Número de control de estantería A-4128
Holdings
Estatus retirado Estado de pérdida Estado de daño No para préstamo Biblioteca de origen Biblioteca actual Ubicación en estantería Fecha de adquisición Fuente de adquisición Total de préstamos Signatura topográfica completa Código de barras Visto por última vez Precio de reemplazo Tipo de ítem Koha
        Biblioteca del Ateneo de Madrid Biblioteca del Ateneo de Madrid Sala Pecera Planta 1 17/01/2008     A-4128 1092279 23/02/2023 23/02/2023 Libro impreso